| 000 | 00657nam a2200217 i 4500 | ||
|---|---|---|---|
| 001 | bg | ||
| 245 | 0 | 0 |
_aPrawo zamówień publicznych : _bnowelizacja 2006 / _cz omówieniem Heliodora Jerzego Orłowskiego. |
| 260 |
_aWarszawa : _bOficyna Wydawnicza "Polcen", _c2006. |
||
| 300 |
_a264 s. ; _c16 cm. |
||
| 490 | 1 | _aPrawo w Pigułce | |
| 650 | 9 |
_aZamówienia publiczne _xprawo _zPolska _ystan na 2006 r. |
|
| 700 | 1 | _aORŁOWSKI, Heliodor Jerzy | |
| 830 | _aPrawo w Pigułce | ||
| 020 | _a8389234270 | ||
| 040 | _cBPK | ||
| 041 | 0 | _apol | |
| 080 | _a351.712(438) | ||
| 920 | _a83-89234-27-0 | ||
| 942 | _cKS | ||
| 008 | s pl f |000 0 pol | ||
| 999 |
_c35598 _d35598 |
||
| 856 |
_uhttp://koha.tu.koszalin.pl/cgi-bin/koha/opac-detail.pl?biblionumber=35598 _yKatalog online BPK |
||